00434nam a2200157Ia 4500020001800000082002800018100002400046245005900070260003600129300001200165504001900177650002700196650001300223650002900236650001100265 a81-86706-22-4 a305.42 NUS-W SL1 aNussbaum, Martha C. 0aWomen and human development: the capabilities approach aNew DelhibKali for Womenc2000 axv, 312 aincludes index aReligion and sociology aFeminism aWomenvSocial conditions aValues